000 00563nam a2200229Ia 4500
003 OSt
005 20221005133451.0
006 a|||||r|||| 00| 0
007 ta
008 221004b |||||||| |||| 00| 0 urd d
024 _a16415
037 _cTextual
040 _aCRL
_cCRL
_burd
041 _2urd
_aurd
082 _aO168,1K57w, G7
100 _aMohammad Sajid
_9642469
245 0 _aYadgar-e-Wali
260 _c1937
650 _aURDU POETRY
942 _hO168,1K57w, G7
_cTEXL
_2cc
999 _c1066913
_d1066913